Globálna sémantická mapa pre navigáciu autonómnych lietajúcich prostriedkov

Na minha lista:
Detalhes bibliográficos
Autor principal: Štec, Filip (Author)
Outros Autores: Rodina, Jozef (Thesis advisor)
Formato: Manuscrito Livro
Idioma:eslovaco
Publicado em: Bratislava : STU v Bratislave FEI, 2024
Assuntos:
Acesso em linha:https://opac.crzp.sk/?fn=detailBiblioFormChildYCNA8&sid=98506E6D5B5CDF25348B8C55F29B&seo=CRZP-detail-kniha
Tags: Adicionar Tag
Sem tags, seja o primeiro a adicionar uma tag!

MARC

LEADER 00000ntm a22000003a 4500
001 stuzp81993
003 SK-STU
005 20241212102702.0
007 ta
008 150427s2015----xo-----f-mn---000-0-slo-d
040 |a STU  |b slo 
041 0 |a slo 
044 |a xo 
100 1 |a Štec, Filip  |u 031000  |k Z8  |4 aut  |U FEI Fakulta elektrotechniky a informatiky  |T FEI Ústav robotiky a kybernetiky  |X 72520  |U E011  |Y 356  |7 72520 
242 0 1 |a Global Semantic Map for Navigation of Autonomous Unmanned Aerial Vehicles  |y eng 
245 1 0 |a Globálna sémantická mapa pre navigáciu autonómnych lietajúcich prostriedkov 
260 |a Bratislava :  |b STU v Bratislave FEI,  |c 2024 
300 |a 127 s., príl. 
650 4 |a mapovanie  |2 slo 
650 4 |a autonómne lietajúce vozidlo  |2 slo 
650 4 |a sémantická segmentácia  |2 slo 
650 4 |a výpočtová optimalizácia  |2 slo 
650 4 |a mapping  |2 eng 
650 4 |a autonomous aerial vehicles  |2 eng 
650 4 |a semantic segmentation  |2 eng 
650 4 |a computation optimalization  |2 eng 
700 1 |a Rodina, Jozef  |u 031000  |k Z1  |4 ths  |U FEI Fakulta elektrotechniky a informatiky  |T FEI Ústav robotiky a kybernetiky  |X 11924  |U E011  |Y 356  |7 A000011924 
856 4 |u https://opac.crzp.sk/?fn=detailBiblioFormChildYCNA8&sid=98506E6D5B5CDF25348B8C55F29B&seo=CRZP-detail-kniha